00738cam a2200217 a 450000100100000000500170001000800410002702000150006804000290008308200180011210000370013024500410016726000440020830000210025265000310027365000350030491000330033904900090037295201220038199900170050300001844220200929165817.0940909s1996 nyu 000 1 eng d a0312958455 aDO-SdBNPbengcLCdBNPHU a813.54bC752L1 aConnelly, Michael,d1956-93991914aThe last coyote /cMichael Connelly. aNew York :bMartin's Paperbacks,c1996. a408 p. ;c25 cm. 4aNovela estadounidense9262 4aLiteratura estadounidense9263 aCatalogación derivada / LC aBNGR 001052708MOaGRbGRcCTd2010-05-07iLF1l0o813.54 C752Lp18442-10r2020-06-25w2020-06-25y2ZPréstamo interno c17962d17962